|
|
|
|
| LEADER |
01211nam a2200253 a 4500 |
| 001 |
5955664 |
| 008 |
090511s1979 enka b 000 0 eng d |
| 020 |
|
|
|a 0903031647
|
| 040 |
|
|
|a AZU
|c AZU
|d ORE
|
| 082 |
0 |
0 |
|a 631.587
|2 18
|
| 100 |
1 |
|
|a Stern, Peter H.
|
| 245 |
1 |
0 |
|a Small scale irrigation :
|b a manual of low-cost water technology /
|c Peter H. Stern.
|
| 260 |
|
|
|a London :
|b Intermediate Technology Publications ;
|a Bet Dagan, Israel :
|b International Irrigation Information Center,
|c 1979.
|
| 300 |
|
|
|a 152 p. :
|b ill. ;
|c 22 cm.
|
| 504 |
|
|
|a Includes bibliographical references.
|
| 541 |
1 |
|
|e 00003400
|
| 500 |
|
|
|a "An IIIC/Intermediate Technology publication."
|
| 650 |
|
0 |
|a Irrigation.
|
| 650 |
|
0 |
|a Irrigation engineering.
|
| 710 |
2 |
|
|a International Irrigation Information Center.
|
| 852 |
4 |
|
|a <add library>
|j <shelf mark>
|
| 999 |
|
|
|c 560
|d 560
|
| 952 |
|
|
|0 0
|1 0
|2 ddc
|4 0
|6 631_587000000000000_STE_1979
|7 0
|9 509
|a BRACUL
|b BRACUL
|c GEN
|d 2009-05-11
|g 0.00
|l 0
|o 631.587 STE
|p 3010003400
|r 2009-05-11
|t 1
|w 2009-05-11
|y BK
|x No price found in the accession register.
|
| 952 |
|
|
|0 0
|1 0
|2 ddc
|4 0
|6 631_587000000000000_STE_1979
|7 0
|9 11000
|a BRACUL
|b BRACUL
|c GEN
|d 2010-06-15
|g 495.00
|l 0
|o 631.587 STE
|p 3010000358
|r 2010-06-15
|t 2
|w 2010-06-15
|y BK
|